| 000 | 00561cam a22002291 4500 | ||
|---|---|---|---|
| 001 | sa 68003154 | ||
| 003 | DLC | ||
| 005 | 20260227112450.0 | ||
| 008 | 940602m19669999ii 000 0 kano | ||
| 010 | _asa 68003154 | ||
| 025 | _aPL480:I-Kan-757 | ||
| 035 | _a(OCoLC)30538339 | ||
| 040 |
_aDLC _cCU _dCU _dDLC |
||
| 042 | _apremarc | ||
| 050 | 0 | 0 |
_aPN6519.I46 _bH6 |
| 100 | 1 |
_aHooli, Siddhanatha Ramappa, _d1922- |
|
| 245 | 1 | 0 | _aAnubhavavāṇi māle. |
| 260 | _c1966- | ||
| 300 |
_av. _c19 cm. |
||
| 500 | _aIn Kannada. | ||
| 650 | 0 | _aProverbs, Kannada. | |
| 999 |
_c79274 _d79274 |
||